000 00299nam a2200145Ia 4500
100 _aVeerarajan/T
942 _cBK
654 _aMathematics
245 _aEngineering Mathematics
260 _bTata Mc Graw hill
_c2002
082 _a511
_bVEE
300 _a641
546 _aENGLISH
999 _c21625
_d21625